[Event "vk18"]
[Site "Vinkovci"]
[Date "2018.07.23"]
[Round "1.1"]
[White "Vucenovic, Damian"]
[Black "Ghersinich, Enrico"]
[Result "0-1"]
[WhiteElo "1662"]
[BlackElo "2180"]
[PlyCount "102"]
[EventDate "2018.??.??"]

1. e4 e6 2. d4 d5 3. exd5 exd5 4. Nf3 Nc6 5. Bd3 Bd6 6. c3 Nge7 7. O-O Bg4 8.
Re1 Qd7 9. Nbd2 O-O-O 10. Qc2 Kb8 11. b4 Rde8 12. a4 Ng6 13. Ba3 Nf4 14. Bf1 g5
15. b5 Nd8 16. Bxd6 cxd6 17. c4 dxc4 18. Bxc4 Bxf3 19. Nxf3 Nxg2 20. Kxg2 Qg4+
21. Kh1 Qxf3+ 22. Kg1 Qg4+ 23. Kh1 Qxd4 24. Rxe8 Rxe8 25. Rc1 Qe4+ 26. Qxe4
Rxe4 27. Bd3 Rxa4 28. Bxh7 Ne6 29. Bg8 Rf4 30. Kg2 Nd4 31. Rb1 Kc7 32. Bh7 Rg4+
33. Kh1 Kb6 34. Bd3 Rf4 35. Kg2 Rf3 36. Be2 Rb3 37. Rxb3 Nxb3 38. Kg3 Nd4 39.
Bc4 f6 40. Kg4 Kc5 41. Bd3 Kd5 42. Kh5 Ke5 43. Kg6 Ne6 44. Bf1 Nf4+ 45. Kh6 d5
46. Kg7 d4 47. b6 axb6 48. Bb5 d3 49. Ba4 d2 50. Bd1 Nd3 51. f4+ Kxf4 0-1

[Event "vk18"]
[Site "Vinkovci"]
[Date "2018.07.23"]
[Round "1.2"]
[White "Kukas, Oliver"]
[Black "Alfirevic, Duje"]
[Result "1-0"]
[WhiteElo "2159"]
[BlackElo "1643"]
[PlyCount "87"]
[EventDate "2018.??.??"]

1. d4 d5 2. Bf4 Nf6 3. e3 c6 4. Nf3 g6 5. Nbd2 Bg7 6. Be2 O-O 7. h4 Nbd7 8. Ne5
Qa5 9. c3 Nxe5 10. Bxe5 Nd7 11. Bxg7 Kxg7 12. h5 e5 13. dxe5 Nxe5 14. Nf3 Nxf3+
15. Bxf3 Qb6 16. Qd2 Bf5 17. c4 Be4 18. Qc3+ f6 19. Bxe4 dxe4 20. O-O-O Rf7 21.
Rd6 Raf8 22. c5 Qa6 23. a3 Qe2 24. Rd2 Qg4 25. g3 Qe6 26. Rd6 Qe5 27. Qc4 Qf5
28. Qc2 gxh5 29. Rh4 Re8 30. Rd4 Re5 31. b4 Rfe7 32. Rf4 Qe6 33. Kb2 f5 34. Qe2
Qf6 35. Kc2 Qf7 36. Kc3 Rd5 37. Rh4 Red7 38. Qxh5 Qxh5 39. Rxh5 Kg6 40. Rh1 Kf6
41. Rxd5 cxd5 42. Kd4 Kg6 43. b5 Rd8 44. c6 1-0

[Event "vk18"]
[Site "Vinkovci"]
[Date "2018.07.23"]
[Round "1.3"]
[White "Simic, Pavo"]
[Black "Simunic, Krunoslav"]
[Result "1/2-1/2"]
[WhiteElo "1599"]
[BlackElo "2053"]
[PlyCount "94"]
[EventDate "2018.??.??"]

1. d4 d5 2. Bf4 Bf5 3. e3 Nf6 4. c4 e6 5. Nc3 Bd6 6. Bg3 O-O 7. Nf3 Nc6 8. a3
Re8 9. Bxd6 Qxd6 10. c5 Qd8 11. Bb5 Re7 12. Bxc6 bxc6 13. Ne5 Qe8 14. Qa4 Ne4
15. Nxe4 Bxe4 16. f3 Bg6 17. Qxc6 f6 18. Qxe8+ Bxe8 19. Nd3 e5 20. dxe5 fxe5
21. O-O Rd8 22. Nf2 Bg6 23. Rfd1 c6 24. Rd2 Rb8 25. Rad1 Rb5 26. b4 a5 27. e4
dxe4 28. Nxe4 Bxe4 29. fxe4 axb4 30. axb4 Rxb4 31. Rd8+ Kf7 32. Rf1+ Kg6 33.
Rd6+ Kg5 34. Re1 Kf4 35. g3+ Kf3 36. Rd3+ Kg4 37. Rd6 Rb2 38. Red1 Ra7 39. R6d2
Rxd2 40. Rxd2 Ra5 41. Rd7 g5 42. Rxh7 Rxc5 43. Kf2 Rc2+ 44. Ke3 Ra2 45. Rh6
Ra3+ 46. Ke2 Ra2+ 47. Ke3 Ra3+ 1/2-1/2

[Event "vk18"]
[Site "Vinkovci"]
[Date "2018.07.23"]
[Round "1.4"]
[White "Cotic, Borna"]
[Black "Baturina, Marin"]
[Result "1-0"]
[WhiteElo "2047"]
[BlackElo "1585"]
[PlyCount "85"]
[EventDate "2018.??.??"]

1. e4 c5 2. Nf3 d6 3. Bb5+ Bd7 4. Bxd7+ Nxd7 5. c4 Ngf6 6. Nc3 e6 7. O-O Be7 8.
d4 O-O 9. d5 exd5 10. exd5 Ng4 11. Bf4 Re8 12. Re1 Qb6 13. Qc2 Bf6 14. h3 Nge5
15. Nd2 g6 16. Rac1 a6 17. b3 Qc7 18. Nde4 Bg7 19. Bg3 Nf6 20. Nxf6+ Bxf6 21.
Ne4 Bg7 22. Bh4 Qd7 23. f4 f5 24. fxe5 fxe4 25. e6 Qc7 26. Qxe4 Be5 27. Rf1 Qg7
28. Bg5 Rf8 29. Rxf8+ Rxf8 30. e7 Re8 31. Qg4 h6 32. Qe6+ Qf7 33. Qxf7+ Kxf7
34. Rf1+ Kg7 35. Rf8 Rxf8 36. Bxh6+ Kh7 37. exf8=Q Bd4+ 38. Kf1 b5 39. g4 g5
40. Bxg5 Bg7 41. Qf7 bxc4 42. Bf6 Kh6 43. Qxg7# 1-0

[Event "vk18"]
[Site "Vinkovci"]
[Date "2018.07.23"]
[Round "1.5"]
[White "Zekic, Patrik"]
[Black "Dabic, Stjepan"]
[Result "0-1"]
[WhiteElo "1579"]
[BlackElo "2040"]
[PlyCount "110"]
[EventDate "2018.??.??"]

1. d4 Nf6 2. Nf3 c5 3. d5 d6 4. c4 g6 5. Nc3 Bg7 6. e4 O-O 7. Bd3 e6 8. O-O
exd5 9. cxd5 a6 10. a4 Bg4 11. h3 Bxf3 12. Qxf3 Nbd7 13. Bf4 Qe7 14. Qg3 Ne8
15. Bg5 Bf6 16. Bxf6 Qxf6 17. f4 c4 18. Bc2 Nc7 19. Rae1 Qd4+ 20. Kh1 Rae8 21.
f5 Qe5 22. Qh4 Qf6 23. Qh6 Qg7 24. Qf4 Re5 25. g4 g5 26. f6 Qg6 27. Qf3 Ne8 28.
Qe2 Nexf6 29. Qxc4 Rfe8 30. Qc7 Nc5 31. Qxd6 Nfxe4 32. Qxg6+ hxg6 33. Nxe4 Nxe4
34. Bxe4 Rxe4 35. Rxe4 Rxe4 36. Rd1 Kf8 37. d6 Ke8 38. d7+ Kd8 39. Rf1 Re7 40.
Rf3 Kxd7 41. b3 Kd6 42. Kg2 Rc7 43. Kg3 Ke5 44. h4 gxh4+ 45. Kxh4 f6 46. Kg3 f5
47. gxf5 gxf5 48. Rd3 Ke4 49. Rf3 a5 50. Rf4+ Ke5 51. Rf3 f4+ 52. Rxf4 Rc3+ 53.
Kg4 Rxb3 54. Rf5+ Kd6 55. Rxa5 Kc7 0-1

[Event "vk18"]
[Site "Vinkovci"]
[Date "2018.07.23"]
[Round "1.6"]
[White "Novosel, Marko"]
[Black "Djukin, Karlo"]
[Result "1-0"]
[WhiteElo "2033"]
[BlackElo "1578"]
[PlyCount "33"]
[EventDate "2018.??.??"]

1. e4 c5 2. Nf3 d6 3. d4 cxd4 4. Nxd4 Nf6 5. Nc3 a6 6. Bc4 g6 7. O-O Bg7 8. Bb3
O-O 9. Be3 b5 10. f3 Nbd7 11. Nc6 Qe8 12. Nd5 e6 13. Nc7 Bb7 14. Nxe8 Rfxe8 15.
Na5 Bc8 16. Qxd6 Bf8 17. Qc6 1-0

[Event "vk18"]
[Site "Vinkovci"]
[Date "2018.07.23"]
[Round "1.7"]
[White "Neferanovic, Ivan"]
[Black "Duda, Daniel"]
[Result "0-1"]
[WhiteElo "1570"]
[BlackElo "2019"]
[PlyCount "97"]
[EventDate "2018.??.??"]

1. e4 c5 2. Nf3 g6 3. Bc4 Bg7 4. Nc3 Nc6 5. d3 d6 6. h3 Nf6 7. Be3 O-O 8. O-O
Na5 9. Bb3 Nxb3 10. axb3 Nd7 11. d4 b6 12. dxc5 bxc5 13. Nb5 Bxb2 14. Rxa7 Rxa7
15. Nxa7 Ba6 16. c4 Qb6 17. Qc2 Bg7 18. Nb5 Bxb5 19. cxb5 Qxb5 20. Rd1 Rb8 21.
Nd2 Ne5 22. f4 Nc6 23. Rb1 Bd4 24. Kf2 Bxe3+ 25. Kxe3 Nd4 26. Qd3 Qxd3+ 27.
Kxd3 Kf8 28. e5 Ke8 29. Kc4 Rb4+ 30. Kd3 Kd7 31. exd6 exd6 32. Ke3 d5 33. g3
Kc6 34. g4 h5 35. g5 Kb5 36. h4 Nf5+ 37. Kd3 Nxh4 38. Kc3 Rxf4 39. Re1 Nf3 40.
Nxf3 Rxf3+ 41. Kb2 Kb4 42. Re7 Rf2+ 43. Kc1 Kxb3 44. Kd1 d4 45. Re4 Kc3 46. Ke1
Ra2 47. Kf1 d3 48. Ke1 d2+ 49. Kf2 0-1

[Event "vk18"]
[Site "Vinkovci"]
[Date "2018.07.23"]
[Round "1.8"]
[White "Sos, Fran"]
[Black "Jovanovic, Veljko"]
[Result "1-0"]
[WhiteElo "2009"]
[BlackElo "1520"]
[PlyCount "91"]
[EventDate "2018.??.??"]

1. d4 d5 2. c4 e6 3. Nc3 Nf6 4. cxd5 Nxd5 5. e4 Nxc3 6. bxc3 b6 7. Nf3 Be7 8.
Be2 Ba6 9. Bxa6 Nxa6 10. Qa4+ Qd7 11. Qxa6 f6 12. Ba3 O-O 13. Bxe7 Qxe7 14. O-O
Rfd8 15. Qc4 Kf8 16. d5 e5 17. Qb4 Rac8 18. Qxe7+ Kxe7 19. Nh4 g6 20. f4 c6 21.
fxe5 fxe5 22. d6+ Rxd6 23. Nf3 Kf6 24. Rf2 Rd7 25. Raf1 Rcc7 26. Nd4+ Ke7 27.
Rf7+ Ke8 28. Rxd7 Kxd7 29. Rf7+ Kc8 30. Rxc7+ Kxc7 31. Nf3 Kd6 32. Kf2 a5 33.
Ke3 b5 34. Ng5 c5 35. Nxh7 b4 36. Kd3 a4 37. cxb4 cxb4 38. Kc4 b3 39. axb3 a3
40. Kc3 Kc5 41. b4+ Kb5 42. Kb3 a2 43. Kxa2 Kxb4 44. h4 Kc4 45. g4 Kd4 46. Nf6
1-0

[Event "vk18"]
[Site "Vinkovci"]
[Date "2018.07.23"]
[Round "1.1"]
[White "Muha, Magdalena"]
[Black "Golub, Nikolina"]
[Result "0-1"]
[WhiteElo "1641"]
[BlackElo "1917"]
[PlyCount "68"]
[EventDate "2018.??.??"]

1. d4 Nf6 2. Nf3 e6 3. c4 d5 4. Nc3 Be7 5. Bg5 O-O 6. e3 h6 7. Bh4 Nbd7 8. cxd5
exd5 9. Bd3 c6 10. Qc2 Re8 11. O-O Ne4 12. Bxe7 Qxe7 13. Rab1 a5 14. Bxe4 dxe4
15. Nd2 Nf6 16. Nc4 Bf5 17. Nb6 Ra6 18. Nca4 Nd5 19. Nxd5 cxd5 20. Rfc1 Qg5 21.
Kh1 Rc8 22. Qe2 Rxc1+ 23. Rxc1 Rg6 24. Rg1 Bg4 25. Qe1 Rf6 26. Nc3 Qh5 27. Qf1
Rf5 28. Qb5 Qh4 29. Qxb7 Rxf2 30. Nxd5 Rxg2 31. Qb8+ Kh7 32. Qf4 Rf2 33. Nf6+
gxf6 34. Qxe4+ f5 0-1

[Event "vk18"]
[Site "Vinkovci"]
[Date "2018.07.23"]
[Round "1.2"]
[White "Smetisko, Marija"]
[Black "Juric, Ester"]
[Result "1-0"]
[WhiteElo "1852"]
[BlackElo "1541"]
[PlyCount "59"]
[EventDate "2018.??.??"]

1. e4 c5 2. Nf3 d6 3. d4 cxd4 4. Nxd4 Nf6 5. Nc3 a6 6. f3 e6 7. Be3 Nc6 8. Qd2
Be7 9. Qf2 O-O 10. Rd1 Qd7 11. a4 Rd8 12. Nb3 Qe8 13. Bb6 Rd7 14. a5 d5 15.
exd5 Nxd5 16. Nxd5 Rxd5 17. Be2 Rxd1+ 18. Bxd1 Bf6 19. c3 Ne5 20. O-O Bd7 21.
Be2 Bc6 22. Nd4 Bd5 23. Nc2 Rc8 24. Ne3 Bb3 25. f4 Nc4 26. Ng4 Bd8 27. Bd4 Bxa5
28. Qg3 Kf8 29. Qh4 h6 30. Bxg7+ 1-0

[Event "vk18"]
[Site "Vinkovci"]
[Date "2018.07.23"]
[Round "1.3"]
[White "Juric, Matea"]
[Black "Dejanovic, Tereza"]
[Result "0-1"]
[WhiteElo "1512"]
[BlackElo "1818"]
[PlyCount "94"]
[EventDate "2018.??.??"]

1. e4 c5 2. Nf3 d6 3. d4 cxd4 4. Nxd4 Nf6 5. Nc3 a6 6. Be2 e6 7. O-O Be7 8. Be3
O-O 9. h3 Nc6 10. a3 Qc7 11. Bd3 b5 12. Qe2 Bb7 13. Nxc6 Bxc6 14. Rad1 Qb7 15.
Bf4 e5 16. Bh2 Nd7 17. f4 exf4 18. Bxf4 Ne5 19. Bxe5 dxe5 20. Qg4 Bc5+ 21. Kh2
Bd4 22. Rd2 b4 23. Nd1 bxa3 24. bxa3 Qe7 25. c3 Bc5 26. Bc4 a5 27. Nf2 Bxa3 28.
Nd3 Kh8 29. Rdf2 f6 30. Bd5 Bxd5 31. exd5 Qc7 32. Kh1 Qxc3 33. Rf3 Qc7 34. Nxe5
Qxe5 35. Rxa3 Qxd5 36. Rd1 Qc5 37. Rg3 Rg8 38. Rd7 Ra7 39. Rd4 Qc8 40. Qd1 Rc7
41. Qa4 Rc1+ 42. Kh2 Qc7 43. Rd7 Qe5 44. Qa3 Qe1 45. Rgxg7 Qg1+ 46. Kg3 Rxg7+
47. Rxg7 Qe1+ 0-1

[Event "vk18"]
[Site "Vinkovci"]
[Date "2018.07.23"]
[Round "1.1"]
[White "Djukin, Marko"]
[Black "Tica, Sven"]
[Result "1-0"]
[WhiteElo "1969"]
[BlackElo "2443"]
[PlyCount "89"]
[EventDate "2018.??.??"]

1. e4 c6 2. d4 d5 3. Nc3 dxe4 4. Nxe4 Nd7 5. Bd3 Ndf6 6. Nxf6+ Nxf6 7. Ne2 g6
8. O-O Bg7 9. Bg5 O-O 10. Qd2 Qd6 11. Bf4 Qd5 12. Be5 b5 13. b3 Bb7 14. c4 bxc4
15. bxc4 Qd7 16. Rab1 c5 17. d5 Ne4 18. Qb2 Bxe5 19. Qxe5 Nd6 20. Ng3 Ba6 21.
Nh5 f6 22. Qg3 Nf5 23. Qh3 Bc8 24. Nf4 Qd6 25. Ne6 Bxe6 26. dxe6 Nd4 27. Rfe1
Kg7 28. Rb7 Rfd8 29. Qe3 a5 30. h4 Rac8 31. Rd7 Rxd7 32. exd7 Qxd7 33. Qxe7+
Qxe7 34. Rxe7+ Kh6 35. Ra7 Nc6 36. Ra6 Nb4 37. Rd6 Nxa2 38. Rxf6 Nb4 39. Bb1
Rd8 40. Kh2 Rd1 41. Be4 a4 42. Rf7 a3 43. g4 a2 44. g5+ Kh5 45. Kh3 1-0

[Event "vk18"]
[Site "Vinkovci"]
[Date "2018.07.23"]
[Round "1.2"]
[White "Muha, Miljenko"]
[Black "Erenda, Bruno"]
[Result "1/2-1/2"]
[WhiteElo "2362"]
[BlackElo "1966"]
[PlyCount "89"]
[EventDate "2018.??.??"]

1. d4 d5 2. c4 c6 3. Nf3 Nf6 4. e3 a6 5. Bd3 g6 6. O-O Bg7 7. Nbd2 O-O 8. h3
Nbd7 9. Qe2 c5 10. Rd1 dxc4 11. Nxc4 b5 12. Nce5 Qb6 13. b3 cxd4 14. exd4 Nd5
15. Bd2 Nxe5 16. dxe5 Bb7 17. a4 Bc6 18. h4 Rfd8 19. axb5 axb5 20. Rxa8 Rxa8
21. e6 f5 22. Ne5 Nc7 23. Nxc6 Qxc6 24. Bg5 Kf8 25. Rc1 Ra1 26. Rxa1 Bxa1 27.
Qd1 Bf6 28. Bxf6 exf6 29. Qe2 Ke7 30. h5 Qc1+ 31. Kh2 Qf4+ 32. g3 Qe5 33. Qd2
Qd4 34. Qe2 Qd5 35. b4 Qe5 36. Qd2 Qd4 37. Qc2 Qd6 38. Be2 Nxe6 39. Bxb5 Qxb4
40. Qc6 Qd4 41. Qe8+ Kd6 42. Qc6+ Ke7 43. Qe8+ Kd6 44. Qc6+ Ke7 45. Qe8+
1/2-1/2

[Event "vk18"]
[Site "Vinkovci"]
[Date "2018.07.23"]
[Round "1.3"]
[White "Saravanja, Matija"]
[Black "Makovec, Bruno"]
[Result "0-1"]
[WhiteElo "1936"]
[BlackElo "2293"]
[PlyCount "100"]
[EventDate "2018.??.??"]

1. e4 c5 2. Nf3 d6 3. d4 cxd4 4. Nxd4 Nf6 5. Nc3 a6 6. Be3 e5 7. Nb3 Be6 8. f3
Nbd7 9. Qd2 b5 10. O-O-O Nb6 11. Bxb6 Qxb6 12. g4 Be7 13. Kb1 O-O 14. h4 b4 15.
Nd5 Bxd5 16. exd5 a5 17. Qd3 e4 18. Qe2 a4 19. Nd4 Nxd5 20. Qxe4 Ra5 21. Nb5
Nc7 22. Nxc7 Qxc7 23. Bd3 g6 24. h5 Bf6 25. hxg6 hxg6 26. g5 Bg7 27. Qh4 Rc8
28. f4 a3 29. f5 gxf5 30. Bxf5 Re8 31. g6 Rxf5 32. Qh7+ Kf8 33. gxf7 Qxf7 34.
Rhg1 Rf2 35. Rxd6 Rf1+ 36. Rd1 Rxd1+ 37. Rxd1 Qf6 38. c3 bxc3 39. Qd3 c2+ 40.
Qxc2 Qxb2+ 41. Qxb2 axb2 42. Rf1+ Ke7 43. Re1+ Kd7 44. Rd1+ Kc6 45. Rg1 Bd4 46.
Rd1 Kc5 47. Rh1 Kc4 48. Kc2 Re2+ 49. Kb1 Kc3 50. Rd1 Rg2 0-1

[Event "vk18"]
[Site "Vinkovci"]
[Date "2018.07.23"]
[Round "1.4"]
[White "Safar, Sandro"]
[Black "Kanizaj, Benjamin"]
[Result "1-0"]
[WhiteElo "2257"]
[BlackElo "1881"]
[PlyCount "91"]
[EventDate "2018.??.??"]

1. d4 d5 2. Bf4 c5 3. e3 Nc6 4. c3 Nf6 5. Bd3 e6 6. Nf3 Bd6 7. Bg3 O-O 8. Nbd2
Re8 9. e4 Bxg3 10. hxg3 c4 11. Bc2 e5 12. Nxe5 Nxe5 13. dxe5 Rxe5 14. Nxc4 Bg4
15. Qd4 Re8 16. Ne3 Nxe4 17. Nxg4 Nxg3+ 18. Kd2 Qg5+ 19. Ne3 Nxh1 20. Rxh1 g6
21. Rh3 Rac8 22. Bd3 a6 23. Qh4 Qxh4 24. Rxh4 Rcd8 25. Rd4 Re5 26. f4 Rh5 27.
Be4 Re8 28. Bxd5 b6 29. Bf3 Ra5 30. a3 Kg7 31. Nc4 Rc5 32. Nxb6 Rb8 33. Nd7
Rxb2+ 34. Kc1 Rcb5 35. a4 Rb1+ 36. Kc2 R5b2+ 37. Kd3 h5 38. Ne5 h4 39. Rd7 Rf2
40. Rxf7+ Kg8 41. Bd5 Rd1+ 42. Kc4 Rxd5 43. Kxd5 Rxg2 44. Ke6 h3 45. Kf6 h2 46.
Rg7+ 1-0

[Event "vk18"]
[Site "Vinkovci"]
[Date "2018.07.23"]
[Round "1.5"]
[White "Trepsic, Zvonimir"]
[Black "Zadravec, Matija"]
[Result "0-1"]
[WhiteElo "1734"]
[BlackElo "2191"]
[PlyCount "22"]
[EventDate "2018.??.??"]

1. e4 c5 2. Nf3 Nc6 3. d4 cxd4 4. Nxd4 g6 5. Nc3 Bg7 6. Be3 Nf6 7. Bc4 Qa5 8.
f3 Qb4 9. Qd3 Ne5 10. Bxf7+ Kxf7 11. Qd2 Nc4 0-1

[Event "vk18"]
[Site "Vinkovci"]
[Date "2018.07.23"]
[Round "1.6"]
[White "Starcevic, Ante Leon"]
[Black "Petrovic, David"]
[Result "1-0"]
[WhiteElo "2177"]
[BlackElo "1657"]
[PlyCount "77"]
[EventDate "2018.??.??"]

1. d4 d5 2. c4 Nf6 3. g3 e6 4. Bg2 a6 5. Nf3 b5 6. cxd5 exd5 7. O-O Bb7 8. Nbd2
c5 9. dxc5 Bxc5 10. Nb3 Bb6 11. Bg5 Nbd7 12. Rc1 h6 13. Bf4 O-O 14. Ne5 Rc8 15.
Rxc8 Qxc8 16. Bh3 g5 17. Nxd7 Nxd7 18. Bd6 Re8 19. Nd4 Bxd4 20. Qxd4 Re4 21.
Qd2 Qc6 22. Bg2 Nf6 23. Bb4 Rc4 24. Bc3 Ne4 25. Bxe4 Rxe4 26. Bd4 f5 27. e3 Qd6
28. Rc1 f4 29. Qd1 Bc6 30. Qh5 Qe6 31. gxf4 Be8 32. f5 Qd6 33. Rc8 Qf8 34. Rxe8
Qxe8 35. Qxh6 Rxd4 36. Qxg5+ Kh7 37. Qg6+ Qxg6+ 38. fxg6+ Kxg6 39. exd4 1-0

[Event "vk18"]
[Site "Vinkovci"]
[Date "2018.07.23"]
[Round "1.1"]
[White "Vukajlovic, Zorana"]
[Black "Blazeka, Mihaela"]
[Result "0-1"]
[WhiteElo "1830"]
[BlackElo "2054"]
[PlyCount "92"]
[EventDate "2018.??.??"]

1. e4 e5 2. Nf3 Nc6 3. Bc4 Bc5 4. c3 Nf6 5. d3 d6 6. h3 a6 7. Nbd2 Ba7 8. Nf1
Na5 9. Qa4+ b5 10. Bxf7+ Kxf7 11. Qxa5 Re8 12. Be3 d5 13. Bxa7 Rxa7 14. Qb4
dxe4 15. dxe4 c6 16. Ng3 Qb6 17. O-O c5 18. Qb3+ c4 19. Qc2 h6 20. Rad1 g5 21.
Nf5 Bxf5 22. exf5 Rae7 23. Rfe1 Nh5 24. Re4 Nf4 25. Rde1 Qf6 26. R4e3 h5 27.
Qe4 Nd3 28. R1e2 Rd8 29. Rd2 Nc5 30. Qc2 Nd3 31. Rde2 g4 32. hxg4 hxg4 33. Nh2
Qh4 34. g3 Qh3 35. f4 gxf3 36. Rxf3 Rg8 37. Nf1 Qg4 38. Nh2 Qh5 39. Qd2 e4 40.
Rfe3 Qh3 41. Rg2 Qxf5 42. Rxd3 cxd3 43. Rf2 Rxg3+ 44. Kf1 Rf3 45. Nxf3 exf3 46.
Rh2 Re2 0-1

[Event "vk18"]
[Site "Vinkovci"]
[Date "2018.07.24"]
[Round "2.1"]
[White "Makovec, Bruno"]
[Black "Starcevic, Ante Leon"]
[Result "1/2-1/2"]
[WhiteElo "2293"]
[BlackElo "2177"]
[PlyCount "40"]
[EventDate "2018.07.23"]

1. d4 Nf6 2. c4 e6 3. Nf3 d5 4. g3 Be7 5. Bg2 O-O 6. O-O dxc4 7. Ne5 Nc6 8.
Bxc6 bxc6 9. Nxc6 Qe8 10. Nxe7+ Qxe7 11. Qa4 e5 12. dxe5 Qxe5 13. Qxc4 Be6 14.
Qd3 Rad8 15. Qe3 Qh5 16. f3 Bc4 17. Nc3 Rfe8 18. Qf2 Nd5 19. Re1 Nxc3 20. bxc3
Qa5 1/2-1/2

[Event "vk18"]
[Site "Vinkovci"]
[Date "2018.07.24"]
[Round "2.2"]
[White "Radenic, Filip"]
[Black "Safar, Sandro"]
[Result "1-0"]
[WhiteElo "2166"]
[BlackElo "2257"]
[PlyCount "87"]
[EventDate "2018.07.23"]

1. Nf3 g6 2. g3 Bg7 3. Bg2 d6 4. d4 Nf6 5. O-O O-O 6. c4 Nbd7 7. Nc3 c6 8. e4
e5 9. h3 Re8 10. Re1 Qc7 11. Be3 b6 12. Rc1 Bb7 13. Qc2 a6 14. d5 c5 15. g4 Kh8
16. Nd2 h6 17. Nf1 Nf8 18. Ng3 g5 19. Bf3 Ng6 20. Nf5 Bc8 21. Kh2 Bxf5 22. gxf5
Nf4 23. Rg1 Rg8 24. Rb1 a5 25. a3 Rac8 26. Nb5 Qe7 27. b4 h5 28. bxc5 bxc5 29.
Bxf4 exf4 30. Qe2 g4 31. hxg4 hxg4 32. Bxg4 Nh7 33. f6 Qxf6 34. Bxc8 f3 35. Qf1
Rxc8 36. Qh3 Rg8 37. Rb3 Qf4+ 38. Kh1 Be5 39. Rxg8+ Kxg8 40. Rxf3 Qc1+ 41. Kg2
Qxc4 42. Qg4+ Kh8 43. Rxf7 Nf6 44. Qg7# 1-0

[Event "vk18"]
[Site "Vinkovci"]
[Date "2018.07.24"]
[Round "2.3"]
[White "Zadravec, Matija"]
[Black "Toplak, Juraj"]
[Result "1-0"]
[WhiteElo "2191"]
[BlackElo "2017"]
[PlyCount "71"]
[EventDate "2018.07.23"]

1. e4 Nf6 2. e5 Nd5 3. d4 d6 4. exd6 cxd6 5. c4 Nb6 6. d5 e5 7. Nc3 g6 8. Bd3
Bg7 9. Nge2 O-O 10. O-O Re8 11. b3 a5 12. Be3 Bg4 13. f3 Bf5 14. Bxf5 gxf5 15.
f4 e4 16. Rc1 Nc8 17. Ng3 Ne7 18. Qh5 Qd7 19. Nb5 Nxd5 20. cxd5 Qxb5 21. Nxf5
Qd7 22. Nxg7 Kxg7 23. Bd4+ f6 24. Qg5+ Kf8 25. Qxf6+ Qf7 26. Qh6+ Ke7 27. Rc7+
Nd7 28. Bf6+ Qxf6 29. Rxd7+ Kxd7 30. Qxf6 Rac8 31. Re1 e3 32. Qf5+ Kd8 33. Qd3
Rc5 34. Rxe3 Rxe3 35. Qxe3 Rxd5 36. g4 1-0

[Event "vk18"]
[Site "Vinkovci"]
[Date "2018.07.24"]
[Round "2.4"]
[White "Erenda, Bruno"]
[Black "Djukin, Marko"]
[Result "1/2-1/2"]
[WhiteElo "1966"]
[BlackElo "1969"]
[PlyCount "69"]
[EventDate "2018.07.23"]

1. d4 Nf6 2. Nf3 c5 3. d5 e6 4. c4 b5 5. Bg5 h6 6. Bxf6 Qxf6 7. Qc2 exd5 8.
cxd5 d6 9. e4 a6 10. Nbd2 Bg4 11. Be2 Nd7 12. O-O g5 13. a4 b4 14. Nc4 Bxf3 15.
Bxf3 Ne5 16. Nxe5 Qxe5 17. a5 Bg7 18. Qa4+ Ke7 19. Bg4 Rhd8 20. b3 Qf4 21. Bf5
Bxa1 22. Qxa1 Qe5 23. Qxe5+ dxe5 24. Rc1 Kd6 25. Bg4 f5 26. Bxf5 Rab8 27. Bg4
Rh8 28. Be2 Ra8 29. Rd1 Rhf8 30. Bc4 Rf4 31. Re1 Raf8 32. Re2 g4 33. Bd3 h5 34.
Ra2 Ra8 35. Re2 1/2-1/2

[Event "vk18"]
[Site "Vinkovci"]
[Date "2018.07.24"]
[Round "2.5"]
[White "Tica, Sven"]
[Black "Muha, Miljenko"]
[Result "1-0"]
[WhiteElo "2443"]
[BlackElo "2362"]
[PlyCount "47"]
[EventDate "2018.07.23"]

1. d4 d5 2. c4 c6 3. Nf3 Nf6 4. Qc2 g6 5. e3 Bg7 6. Bd3 O-O 7. O-O b6 8. Nc3
Ba6 9. b3 c5 10. Ba3 cxd4 11. Nxd4 Re8 12. Rad1 dxc4 13. bxc4 Qc8 14. Ne4 Nbd7
15. Nxf6+ Bxf6 16. Be4 Rb8 17. Nc6 Rb7 18. Qa4 Rc7 19. Rd2 Ne5 20. Nb4 Bxc4 21.
Rfd1 e6 22. h3 Rd8 23. Rxd8+ Bxd8 24. Qe8+ 1-0

[Event "vk18"]
[Site "Vinkovci"]
[Date "2018.07.24"]
[Round "2.6"]
[White "Petrovic, David"]
[Black "Saravanja, Matija"]
[Result "1/2-1/2"]
[WhiteElo "1657"]
[BlackElo "1936"]
[PlyCount "44"]
[EventDate "2018.07.23"]

1. e4 c5 2. c3 d5 3. exd5 Qxd5 4. Nf3 Nf6 5. d4 e6 6. Bb5+ Bd7 7. c4 Qh5 8. Nc3
a6 9. Bxd7+ Nbxd7 10. O-O cxd4 11. Qxd4 Bc5 12. Qd3 Ne5 13. Nxe5 Qxe5 14. Qf3
Qc7 15. Bf4 Qc6 16. Qxc6+ bxc6 17. Be5 Be7 18. Rfd1 Rd8 19. Rxd8+ Kxd8 20. Rd1+
Kc8 21. Bxf6 Bxf6 22. Ne4 Be7 1/2-1/2

[Event "vk18"]
[Site "Vinkovci"]
[Date "2018.07.24"]
[Round "2.1"]
[White "Ghersinich, Enrico"]
[Black "Levacic, Matej"]
[Result "1-0"]
[WhiteElo "2180"]
[BlackElo "1855"]
[PlyCount "83"]
[EventDate "2018.07.23"]

1. c4 Nf6 2. Nc3 e5 3. g3 Bb4 4. Bg2 Bxc3 5. dxc3 d6 6. Nf3 O-O 7. O-O Nc6 8.
Qc2 Be6 9. b3 Qd7 10. Ba3 Bf5 11. Qb2 Bh3 12. Rfd1 Bxg2 13. Kxg2 Ne4 14. c5 d5
15. b4 Rfe8 16. c4 d4 17. Qc2 Nf6 18. b5 e4 19. Nxd4 Nxd4 20. Qb2 Rad8 21. e3
Qf5 22. Rxd4 Ng4 23. Qe2 Rxd4 24. exd4 e3 25. f3 Nf2 26. Re1 Re6 27. g4 Qf4 28.
h3 Nxh3 29. Bc1 Qh6 30. Bxe3 Nf4+ 31. Bxf4 Rxe2+ 32. Rxe2 g5 33. Re8+ Kg7 34.
Be5+ f6 35. Re7+ Kg8 36. Bxc7 Qg6 37. Bg3 Qc2+ 38. Bf2 Qxc4 39. Rxb7 Qxa2 40.
c6 Qd5 41. Rb8+ Kf7 42. c7 1-0

[Event "vk18"]
[Site "Vinkovci"]
[Date "2018.07.24"]
[Round "2.2"]
[White "Birkic, Josip"]
[Black "Kukas, Oliver"]
[Result "0-1"]
[WhiteElo "1823"]
[BlackElo "2159"]
[PlyCount "88"]
[EventDate "2018.07.23"]

1. d4 Nf6 2. Nf3 e6 3. Bf4 c5 4. c3 Nc6 5. e3 d5 6. Nbd2 Bd6 7. Bg3 O-O 8. Bd3
b6 9. O-O Bb7 10. Qe2 Re8 11. Ne5 Bxe5 12. dxe5 Nd7 13. f4 Qe7 14. e4 c4 15.
Bc2 d4 16. Qxc4 dxc3 17. Qxc3 Rac8 18. Qe3 Nb4 19. Bb3 Ba6 20. Rfd1 Nd3 21. Bc4
Qc5 22. Qxc5 N7xc5 23. Bxa6 Nxa6 24. Nc4 Rxc4 25. Rxd3 Nc5 26. Re3 Rd8 27. Rae1
Rd2 28. R1e2 Rcc2 29. Rxd2 Rxd2 30. b4 Nd3 31. Be1 Rd1 32. Kf1 Nxb4 33. Ke2
Rxe1+ 34. Kxe1 Nc2+ 35. Ke2 Nxe3 36. Kxe3 Kf8 37. Kd4 Ke7 38. g4 g6 39. h4 Kd7
40. a4 Kc6 41. f5 b5 42. a5 b4 43. Kc4 b3 44. Kxb3 Kb5 0-1

[Event "vk18"]
[Site "Vinkovci"]
[Date "2018.07.24"]
[Round "2.3"]
[White "Mudrinic, Aleksandar"]
[Black "Cotic, Borna"]
[Result "0-1"]
[WhiteElo "1796"]
[BlackElo "2047"]
[PlyCount "96"]
[EventDate "2018.07.23"]

1. e4 c5 2. Nf3 e6 3. d4 cxd4 4. Nxd4 Nc6 5. Nc3 Qc7 6. Be3 a6 7. f3 Nf6 8. Qd2
Be7 9. g4 b5 10. Nb3 d6 11. O-O-O Bb7 12. h4 Ne5 13. Be2 Nfd7 14. g5 Rc8 15.
Rhf1 b4 16. Nb1 Nc4 17. Bxc4 Qxc4 18. Na5 Qb5 19. Nxb7 Qxb7 20. Bd4 e5 21. Be3
Nc5 22. Qd5 Qc7 23. Bxc5 Qxc5 24. Qb3 O-O 25. Rd5 Qc6 26. f4 exf4 27. Rxf4 Rc7
28. Rdf5 Bd8 29. h5 Qc4 30. Qxc4 Rxc4 31. Rd5 g6 32. hxg6 hxg6 33. b3 Rc5 34.
Rxc5 dxc5 35. Rg4 Kg7 36. Nd2 Rh8 37. Nf3 Rh3 38. Ne5 Rh4 39. Rxh4 Bxg5+ 40.
Kd1 Bxh4 41. Nd7 Be7 42. Nb8 Kf6 43. Ke2 g5 44. Nxa6 Bd6 45. Kf3 Ke5 46. Ke3 g4
47. Ke2 Kxe4 48. Kf2 f5 0-1

[Event "vk18"]
[Site "Vinkovci"]
[Date "2018.07.24"]
[Round "2.4"]
[White "Dabic, Stjepan"]
[Black "Jakrlin, Mihael"]
[Result "1-0"]
[WhiteElo "2040"]
[BlackElo "1827"]
[PlyCount "81"]
[EventDate "2018.07.23"]

1. d4 Nf6 2. c4 e6 3. Nc3 Bb4 4. e3 O-O 5. Bd3 d5 6. Nf3 c5 7. O-O dxc4 8. Bxc4
b6 9. Qe2 Bb7 10. Rd1 Qe7 11. Bd2 Bxc3 12. Bxc3 Ne4 13. Bd3 Nxc3 14. bxc3 Nd7
15. e4 e5 16. Bb5 exd4 17. Bxd7 Qxd7 18. cxd4 cxd4 19. Nxd4 Qe7 20. f3 Rfd8 21.
Nf5 Qe5 22. Rxd8+ Rxd8 23. Rd1 Qc5+ 24. Kh1 Qc7 25. h3 Bc8 26. Ne3 Be6 27.
Rxd8+ Qxd8 28. f4 Qd4 29. f5 Qa1+ 30. Kh2 Bxa2 31. Qb5 h5 32. Qe8+ Kh7 33. Qe7
a5 34. Qh4 Qe5+ 35. Kh1 a4 36. Ng4 Qa1+ 37. Kh2 g6 38. e5 Qf1 39. fxg6+ Kg7 40.
Ne3 Qd3 41. Qf6+ 1-0